History Quiz

Random History or Politics Quiz

Quick Pick: Governors of Colorado Quiz Stats

 Plays Quiz not verified by Sporcle

Support Sporcle.
Go Orange.
Score 0/10 Timer 01:00
0 Plays Today
% Correct
Hickenlooper, John
89.9%
Lamm, Dick
86.9%
Love, John Arthur
75.8%
Romer, Roy
72.7%
Owens, Bill
70.7%
Cooper, Job Adams
67.7%
Thornton, Daniel I.J.
65.7%
McNichols, Stephen
65.7%
Routt, John Long
60.6%
Sweet, William
55.6%

You're not logged in!

Compare scores with friends on all Sporcle quizzes.
OR
Log In

From the Vault

Toronto Maple Leafs Leaders by Position

by mrom

We're in the US and found a maple leaf in our backyard. Checkmate Canadians.
Remove Ads.
Support Sporcle.
Get the best of Sporcle when you Go Orange. This ad-free experience offers more features, more stats, and more fun while also helping to support Sporcle. Thank you for becoming a member.

Show Comments

Extras

Top Quizzes Today


Score Distribution

Your Account Isn't Verified!

In order to create a playlist on Sporcle, you need to verify the email address you used during registration. Go to your Sporcle Settings to finish the process.

Report this User

Report this user for behavior that violates our Community Guidelines.

Details: